| 000 | 00000nam##2200000za#4500 |
| 001 | 9.601860 |
| 003 | CaOODSP |
| 005 | 20210624210258 |
| 007 | cr ||||||||||| |
| 008 | 150406|1994||||xxc|||||o f|0| 0 fre|d |
| 040 | |aCaOODSP|bfre |
| 043 | |an-cn--- |
| 086 | 1 |aEn1-17/17-1994F-PDF |
| 110 | 1 |aCanada.|bEnvironnement Canada. |bSection Développement technologique. |
| 245 | 10|aEaux usées industrielles. Récupération des métaux lourds présents dans des effluents industriels par la technologie Thermonic |h[ressource électronique] |
| 260 | |aMontréal - Québec : |bEnvironnement Canada. |cMars 1994. |
| 300 | |a4p.|bfigure, tableau, photographies |
| 490 | 1 |aTechnologies Saint-Laurent |
| 590 | |a12-02-Supp|b2012-01-20 |
| 691 | 07|aDéchets industriels|2gcpds |
| 691 | 07|aMétal|2gcpds |
| 691 | 07|aRecyclage|2gcpds |
| 775 | 08|tIndustrial wastewater. Recovery of heavy metals from industrial effluents using the Thermonic technology |w(CaOODSP)9.571238 |
| 776 | 0#|tEaux usées industrielles: récupération des métaux lourds présents dans des effluents industriels par la technologie Thermonic / |w(CaOODSP)9.623455 |
| 830 | #0|aTechnologies Saint-Laurent.|w(CaOODSP)9.500861 |
| 856 | 40|ahttp://publications.gc.ca|qPDF|s494 Ko|uhttps://publications.gc.ca/collections/Collection/En1-17-17-1994F.pdf |